| 000 | 01759nam0a2200337 4500 | ||
|---|---|---|---|
| 001 | RU\NLR\BIBL_A\012590151 | ||
| 005 | 20211122112837.0 | ||
| 010 |
_a978-5-907216-45-7 _9100 |
||
| 021 |
_aRU _bКН-П-21-027770 _9КН-П-21-2148 |
||
| 035 | _a(NLR Aleph) 012590151 | ||
| 090 |
_a12549567 _c12549567 |
||
| 100 | _a20210902d2020 k y0rusy50 ca | ||
| 101 | 0 | _arus | |
| 102 | _aRU | ||
| 105 | _aa|||z|||000zy | ||
| 181 | 0 |
_ai3 _bab2e |
|
| 182 | 0 | _an | |
| 200 | 1 |
_aПедагогика семьи в условиях цифровизации общества _eмонография _fМ.М. Шубович, Н.Н. Петрищева _gМинистерство просвещения Российской Федерации, Федеральное государственное бюджетное образовательное учреждение высшего образования "Ульяновский государственный педагогический университет им. И.Н. Ульянова" |
|
| 203 |
_aТекст _bвизуальный _cнепосредственный |
||
| 210 |
_aУльяновск _cФГБОУ ВО "УлГПУ им. И.Н. Ульянова" _d2020 |
||
| 215 |
_a85, [1] с. _cил. _d21 |
||
| 320 | _aБиблиогр.: с. 77-85 (109 назв.) | ||
| 606 | 1 |
_aСемейное воспитание _xИнформационные технологии _92519058 _3RU\NLR\AUTH\661492863 |
|
| 686 | 1 | _aЧ491.2 | |
| 700 | 1 |
_aШубович _bМ. М. _gМарина Михайловна |
|
| 701 | 1 |
_aПетрищева _bН.Н. _gНадежда Николаевна |
|
| 942 | _cBOOK | ||
| 980 | _aNBR | ||
| 980 | _aNB | ||